| 000 | 01071cam a22002174a 4500 | ||
|---|---|---|---|
| 005 | 20250605164100.0 | ||
| 008 | 250528s ||||||||||||||||||||||||d | ||
| 035 | _a17581 | ||
| 020 | _a9780415696524 | ||
| 040 |
_aGR-AtMCL _bgre _dGR-AtMCL _eAACR2 |
||
| 245 | 1 | _aExploring Childhood in a Comparative Context / An Introductory Guide for Students | |
| 250 | _a1st | ||
| 260 |
_bRouledge, _c2014 |
||
| 300 | _a195 | ||
| 520 | _aThis book describes the way each country understands and conceptualizes childhood. Acknowledgements, Abbreviations and Terminology, Introduction, What is Childhood?, Education in Flanders, Education in the Czech Republic, Education in England, Education in Finland, Education in Greece, Education in Japan, Education in Latvia, Education in the Netherlands, Education in Australia and New Zealand, Education in Poland, Education in Rural South Africa, Education in the United States of America, Conclusion, Index. | ||
| 700 | 1 |
_aBrown Mabel Ann _93749 |
|
| 700 | 1 |
_aWhite Jon _92175 |
|
| 942 | _cBK | ||
| 999 |
_c2985 _d2985 |
||